| 000 | 04328cam a22006734i 4500 | ||
|---|---|---|---|
| 003 | PE-LiUPU | ||
| 005 | 20250731180116.0 | ||
| 008 | 181127s2016 sp a rb 001 0 spa d | ||
| 020 | _a9788415552499 | ||
| 035 | _a(Sirsi) a250851 | ||
| 040 |
_aPE-LiUPU _bspa _cPE-LiUPU _erda |
||
| 041 | 1 |
_aspa _heng |
|
| 049 | _aPRUA | ||
| 082 | 0 | 4 |
_a575.1 _bK64 _220 |
| 100 | 1 |
_aKlug, William S., _d1941- , _eautor. |
|
| 245 | 1 | 0 |
_aConceptos de genética / _cWilliam S. Klug, Michael R. Cummings, Charlotte A. Spencer, Michael A. Palladino ; traducción Lluís F. Pascual Calaforra. |
| 250 | _aDecima edición. | ||
| 264 | 1 |
_aMadrid : _bPearson Educación, _c2016. |
|
| 300 |
_aXXXVII, 949 páginas : _bilustraciones ; _c27 centímetros |
||
| 336 |
_atext _2rdacontent |
||
| 337 |
_aunmediated _2rdamedia |
||
| 338 |
_avolume _2rdacarrier |
||
| 504 | _aBibliografía : páginas 828-839. | ||
| 504 | _aÍndice : páginas 925-949. | ||
| 505 | 0 | _aGenes, cromosomas y herencia -- Introducción a la genética -- Mitosis y meiosis -- Genética mendeliana -- Ampliaciones de la genética mendeliana -- Cartografía cromosómica en eucariotas -- Análisis genético y mapas en bacterias y bacteriófagos -- Determinación del sexo y cromosomas sexuales -- Mutaciones cromosómicas: variación en el número y ordenación de los cromosomas -- Herencia extranuclear -- ADN: estructura, replicación y variación -- Estructura y análisis del ADN -- Replicación y recombinación de ADN -- La organización del ADN en cromosomas -- Expresión genética, regulación y desarrollo -- El código genético y la transcripción -- Traducción y proteínas -- Mutación genética, reparación del ADN y transposición -- Regulación de expresión genéticas en procariotas -- Regulación de la expresión genética en eucariotas -- Genética del desarrollo -- Cáncer y regulación del ciclo celular -- Genética forense -- Genómica y medicina personalizada -- Epigenética -- Células madres -- Genómica -- Tecnología del ADN recombinante -- Genómica, bioinformática y proteómica -- Aplicaciones y ética de la ingeniería genética y la biotecnología -- Genética de organismo y poblaciones -- Genética cuantitativa y caracteres multifactoriales -- Genética del comportamiento -- Genética de poblaciones y genética evolutiva -- Genética de la conservación. | |
| 526 | _aSEG44 | ||
| 526 | _aSEG26 | ||
| 526 | _aP159 | ||
| 526 | _aP155 | ||
| 526 | _aP154 | ||
| 526 | _aP153 | ||
| 526 | _aP150 | ||
| 526 | _aP100 | ||
| 526 | _aP31 | ||
| 526 | _aP30 | ||
| 526 | _aP26 | ||
| 526 | _aP25 | ||
| 526 | _aP24 | ||
| 526 | _aP22 | ||
| 526 | _aP15 | ||
| 526 | _aP10 | ||
| 534 |
_pTítulo original : _tConcepts of genetics. |
||
| 541 | _g0001-000588; | ||
| 650 | 0 | 4 | _aGenética. |
| 650 | 0 | 4 |
_aGenética humana. _9687 |
| 650 | 0 | 4 |
_aGenética _xManuales. |
| 700 | 1 |
_aCummings, Michael R., _d1941- , _eautor. |
|
| 700 | 1 |
_aSpencer, Charlotte A., _eautor. |
|
| 700 | 1 |
_aPalladino, Michael Angelo, _eautor. |
|
| 700 | 1 |
_aPascual Calaforra, Lluís F., _etraductor. |
|
| 910 |
_adbm _bcsm _ccsm _d20181127 |
||
| 596 | _a1 | ||
| 942 |
_2ddc _cBOOK |
||
| 999 |
_a575.1 K64 _wDEWEY _c30324 _i79175 _d30324 _e2022-6-27 _f2021-11-5 _g4 _lCCODEBUL1 _mBUL _n3 _p113.68 _q2 _r0 _sY _tBOOK _u2018-11-27 _xBIBLIOTECA _PP30 _0COMPRA _1FCOMPR2 _o.STAFF. Colección Ciencias de la Salud |
||
| 999 |
_a575.1 K64 _wDEWEY _c2 _i79176 _d2019-6-13 _e2019-6-12 _f2021-11-5 _g4 _lCCODEBUL1 _mBUL _n2 _p113.68 _q1 _r0 _sY _tBOOK _u2018-11-27 _xBIBLIOTECA _PP30 _0COMPRA _1FCOMPR2 _o.STAFF. Colección Ciencias de la Salud |
||
| 999 |
_a575.1 K64 _wDEWEY _c3 _i79177 _d2019-6-17 _e2019-6-12 _f2021-11-5 _g4 _lCCODEBUL1 _mBUL _n6 _p113.68 _q2 _r0 _sY _tBOOK _u2018-11-27 _xBIBLIOTECA _PP30 _0COMPRA _1FCOMPR2 _o.STAFF. Colección Ciencias de la Salud |
||
| 999 |
_a575.1 K64 _wDEWEY _c4 _i79178 _d2022-6-27 _e2022-6-27 _f2021-11-5 _g4 _lCCODEBUL1 _mBUL _n6 _p113.68 _q3 _r0 _sY _tBOOK _u2018-11-27 _xBIBLIOTECA _PP30 _0COMPRA _1FCOMPR2 _o.STAFF. Colección Ciencias de la Salud |
||
| 999 |
_a575.1 K64 _wDEWEY _c5 _i79179 _d2022-5-20 _e2019-6-9 _f2021-11-5 _g4 _lCCODEBUL1 _mBUL _n6 _p113.68 _q2 _r0 _sY _tBOOK _u2018-11-27 _xBIBLIOTECA _PP30 _0COMPRA _1FCOMPR2 _o.STAFF. Colección Ciencias de la Salud |
||
| 980 |
_81 _gALBERTO SANCHEZ Responsable de Automatización |
||